00880nam a2200241 a 4500001001000000003000900010005001700019008003200036020001800068040002300086082002800109100003400137245006800171260007000239300002000309490001400329500007100343586005100414650002400465650002700489710005100516711007100567000047881DO-SdBNP20210524123148.0181001s2018 dr 000 p spa d a9789945503265 aBPMSU bspacBPMSU aRD861.5bB295h 20182221 aBaruc Espinal, Daniel,d1962-10aHormigas dentro de una gota de ámbar /cDaniel Baruc Espinal. aSanto Domingo :bEditora Nacional;bMinisterio de Cultura,c2018. a99 p. ;c21 cm.0 aPoesía  aIncluye datos biográficos del autor en la solapa de la cubierta aPremio Anual de Poesía Salomé Ureña 2017 4aPoesía dominicana 4aLiteratura dominicana.2 aMinisterio de Cultura (República Dominicana)2 aPremio Anual de Poeía Salomé Ureña d(2017 :cSanto Domingo)